Liquidació del pressupost : Institut d'Edicions : exercici ... Institut d'Edicions :
Descripción Física:
30 cm
MARC
| LEADER | 00000nam a2200000Ia 4500 | ||
|---|---|---|---|
| 001 | 19117, 19129, 18943, 18938, 18939, 18940, 18982, 18994, 19015, 22845, 22846 | ||
| 008 | 160829s9999 xx 000 0 cat d | ||
| 080 | |a Pressupostos | ||
| 110 | 1 | |a Barcelona (Catalunya : Província). |b Diputació |9 52408 | |
| 245 | |a Liquidació del pressupost : |b Institut d'Edicions : |b exercici ... | ||
| 260 | |a [Barcelona] : |b la Diputació. Intervenció, [s.a.] | ||
| 300 | |a 30 cm | ||
| 590 | |a Els anys 1990 i 1991 estan enquadernats en 2 parts, que són la liquidació del pressupost del compte general (apartat 3). | ||
| 590 | |a L'any 1992 està enquadernat en 9 parts. | ||
| 610 | 1 | 0 | |a Barcelona (Catalunya : Província). |b Diputació |x Assignacions pressupostàries i despeses |9 53789 |
| 650 | |a Finances públiques |x Barcelona (Província) |9 36756 | ||
| 650 | |a Despeses públiques |x Barcelona (Província) |9 38245 | ||
| 710 | |a Barcelona (Catalunya : Província). |b Institut d'Edicions |9 53854 | ||
| 710 | 1 | |a Barcelona (Catalunya : Província). |b Servei d'Intervenció |9 55057 | |
| 866 | |a 1990, 1991, 1992, 1993, 1994, 1995, 2000, 2001, 2002, 2003, 2004 | ||
| 901 | |a Arxiu | ||
| 942 | |n 1 | ||
| 952 | |0 0 |1 0 |4 0 |6 PRESSUPOSTOS |7 1 |9 49223 |a Arxiu |b Arxiu |d 2016-12-01 |l 0 |o Pressupostos |p 19117, 19129, 18943, |r 2016-12-01 00:00:00 |w 2016-12-01 |y ARXIU | ||
| 999 | |c 53063 |d 53063 | ||